Podnikateľský plán malého a stredného podniku bakalárska práca

Salvato in:
Dettagli Bibliografici
Autore principale: Vojtyla, Roman
Ente Autore: Fakulta podnikového manažmentu EU. Katedra podnikovohospodárska
Altri autori: Uhliar, Miroslav, 1981-
Natura: Libro
Lingua:slovacco
Pubblicazione: Bratislava 2016
Tags: Aggiungi Tag
Nessun Tag, puoi essere il primo ad aggiungerne!!

MARC

LEADER 00000nbm a2200000 4500
001 0221521
005 20170302134530.8
041 0 |a slo 
044 |a SK 
245 1 0 |a Podnikateľský plán malého a stredného podniku  |b bakalárska práca  |c Roman Vojtyla ; školiteľ: Miroslav Uhliar 
264 1 |a Bratislava  |c 2016 
300 |a 60 s. 
100 1 |a Vojtyla, Roman 
700 1 |a Uhliar, Miroslav, 1981- 
710 2 |a Fakulta podnikového manažmentu EU. Katedra podnikovohospodárska